000 01650nam0a2200313 4500
001 RU\NLR\bibl\109226
005 20250617091217.0
021 _aRU
_b2000-19130
_9900
035 _a(NLR Aleph) 000106906
090 _a605477
_c605477
100 _a20000920d1999 |||y0rusy50 ca
101 0 _arus
102 _aRU
105 _ay |||||||||
200 1 _aИмпровизационное начало в психиотренинге шоумена
_eУчеб. пособие для студентов отд-ния режиссуры эстрады и театрализ. представлений
_fО.А. Герасимова
_gВост.-Сиб. гос. акад. культуры и искусств. Каф. режиссуры эстрады и театрализ. предствлений
210 _aУлан-Удэ
_cИзд.-полиграф. комплекс ВСГАКИ
_d1999
215 _a63 с.
_d20
320 _aБиблиогр.: с.61-62 (64 назв.)
606 0 _aИмпровизация эстрадная
_jУчебные издания для высшей школы
_92526325
_3RU\NLR\AUTH\6601710821
606 0 _aИмпровизация эстрадная
_jРуководства, пособия и т.п.
_92526325
_3RU\NLR\AUTH\6601710821
686 _aЩ360.75я7
700 1 _4070
_7ca
_8rus
_aГерасимова
_bО. А.
_cпреподаватель, режиссура
_gОльга Александровна
_9185109
_3RU\NLR\AUTH\770185160
801 0 _aRU
_bNLR
_c20000920
_gPSBO
801 1 _aRU
_bNLR
_c20000920
852 _aNLR
_j2000-4/4986
942 _cBOOK
980 _aNB